000 01741nam a2200481 i 4500
001 463333
003 KOSZ 005
005 20220603103500.0
008 051005s2005 pl a |000 0 pol
015 _aUWD 2005/19768
020 _a8372423334
035 _a991028375149705066
035 _a(PL-WaBN)b17680621-48omnis_nlop
035 _ab17680621
035 _a(OCoLC)749647366
035 _azz2005849390
035 _a(PL)b0000001768062
035 _a(EXLNZ-48OMNIS_NETWORK)9910523285105606
040 _aWA N
_cWA N
_dWA N
_dKOSZ 005/HR
046 _k2005
080 _a551.1/.4
080 _a556.3
080 _a(075.8)
245 0 0 _aZarys geologii i hydrogeologii :
_bpodręcznik dla studentów wyższych szkół technicznych : praca zbiorowa /
_cpod red. Mieczysława Wacławskiego ; [Maciej Budkiewicz et al.] ; Politechnika Krakowska im. Tadeusza Kościuszki.
260 _aKraków :
_bWydawnictwo PK,
_c2005.
300 _a413 s. :
_bmapy, rys., wykr. ;
_c24 cm.
336 _aTekst
_btxt
_2rdacontent
337 _aBez urządzenia pośredniczącego
_bn
_2rdamedia
338 _aWolumin
_bnc
_2rdacarrier
380 _aKsiążki
388 _a2001-
500 _aNazwy aut. na okł.
504 _aBibliogr. s. 410-413.
650 7 _aGeologia
_2DBN
655 7 _aPodręczniki akademickie
_2DBN
658 _aGeografia i nauki o Ziemi
700 1 _aBudkiewicz, Maciej
_eAutor
700 1 _aWacławski, Mieczysław
_c(geologia inżynierska)
_eRedacja
710 2 _aWydawnictwo Politechniki Krakowskiej
_4pbl
856 _uhttp://koha.tu.koszalin.pl/cgi-bin/koha/opac-detail.pl?biblionumber=46333
_yKatalog online BPK
942 _2UKD
_cKS
999 _c46333
_d46333